Проблемы общей теории библиографии: монография

מידע ביבליוגרפי
מחבר ראשי: Коршунов О. П.
סיכום:Исключено из фонда НТБ ТПУ
שפה:רוסית
יצא לאור: Москва, Книга, 1975
פורמט: MixedMaterials ספר
KOHA link:https://koha.lib.tpu.ru/cgi-bin/koha/opac-detail.pl?biblionumber=106693

MARC

LEADER 00000nam0a2200000 4500
001 106693
005 20231031115013.0
035 |a (RuTPU)RU\TPU\book\115210 
090 |a 106693 
100 |a 20061211d1975 km y0rusy50 ca 
101 0 |a rus 
102 |a RU 
105 |a y z 001zy 
200 1 |a Проблемы общей теории библиографии  |e монография  |f О. П. Коршунов 
210 |a Москва  |c Книга  |d 1975 
215 |a 192 с. 
320 |a Указ. в конце кн.: с. 177 - 190 
333 |a Исключено из фонда НТБ ТПУ 
700 1 |a Коршунов  |b О. П. 
801 1 |a RU  |b 63413507  |c 20061211  |g PSBO 
801 2 |a RU  |b 63413507  |c 20201203  |g PSBO 
942 |c BK